[Event "EU-ch U14 24th"]
[Site "Batumi"]
[Date "2014.10.26"]
[Round "7"]
[White "Asenov, Pavel"]
[Black "Apap, Titouan"]
[Result "1-0"]
[WhiteElo "1977"]
[BlackElo "1776"]
[PlyCount "39"]
[EventDate "2014.10.19"]
[EventType "swiss"]
[EventRounds "9"]
[EventCountry "GEO"]
[SourceTitle "EXT 2015"]
[Source "ChessBase"]
[SourceDate "2014.11.20"]
[SourceVersion "1"]
[SourceVersionDate "2014.11.20"]
[SourceQuality "1"]

1. d4 d5 2. c4 c6 3. Nf3 Nf6 4. Nc3 e6 5. Bg5 Nbd7 6. e3 Be7 7. Rc1 0-0 8. Bd3 dxc4 9. Bxc4 b5 10. Bd3 a6 11. 0-0 Bb7 12. Ne4 Nxe4 13. Bxe7 Qxe7 14. Bxe4 Rac8 15. Nd2 Rfd8 16. Qf3 Qe8 17. Nb3 f5 18. Bb1 Ba8 19. Nc5 Nxc5 20. Rxc5 1-0

[Event "EU-ch U14 24th"]
[Site "Batumi"]
[Date "2014.10.20"]
[Round "2"]
[White "Apap, Titouan"]
[Black "Haug, Johannes"]
[Result "0-1"]
[WhiteElo "1776"]
[BlackElo "2122"]
[PlyCount "80"]
[EventDate "2014.10.19"]
[EventType "swiss"]
[EventRounds "9"]
[EventCountry "GEO"]
[SourceTitle "EXT 2015"]
[Source "ChessBase"]
[SourceDate "2014.11.20"]
[SourceVersion "1"]
[SourceVersionDate "2014.11.20"]
[SourceQuality "1"]

1. d4 Nf6 2. c4 e6 3. Nc3 Bb4 4. Qc2 0-0 5. a3 Bxc3+ 6. Qxc3 Ne4 7. Qc2 f5 8. e3 b6 9. Ne2 Bb7 10. f3 Nf6 11. Ng3 d6 12. Bd3 Nbd7 13. 0-0 c5 14. d5 exd5 15. cxd5 f4 16. exf4 Bxd5 17. Ne4 Qc7 18. Ng5 h6 19. Nh7 Nxh7 20. Bxh7+ Kh8 21. Re1 Nf6 22. Bg6 Bf7 23. f5 Bxg6 24. fxg6 d5 25. Be3 Rad8 26. Rad1 Rfe8 27. Qc1 Qd7 28. Bd2 Kg8 29. Qb1 a6 30. Qd3 b5 31. b4 c4 32. Qd4 Rxe1+ 33. Rxe1 Re8 34. Rd1 Qf5 35. Qa7 Qxg6 36. Re1 Rxe1+ 37. Bxe1 Qb1 38. Qe7 d4 39. Kf2 Qd3 40. Qe6+ Kh7 0-1

[Event "Vaujany op 5th"]
[Site "Vaujany"]
[Date "2014.07.12"]
[Round "3.2"]
[White "Apap, Titouan"]
[Black "Claustre, Jordan"]
[Result "1/2-1/2"]
[WhiteElo "1824"]
[BlackElo "1916"]
[PlyCount "60"]
[EventDate "2014.07.10"]
[EventType "swiss"]
[EventRounds "9"]
[EventCountry "FRA"]
[SourceTitle "EXT 2017"]
[Source "ChessBase"]
[SourceDate "2016.10.25"]
[SourceVersion "1"]
[SourceVersionDate "2016.10.25"]
[SourceQuality "1"]

1. d4 d5 2. c4 c6 3. Nc3 Nf6 4. Nf3 e6 5. Bg5 h6 6. Bxf6 Qxf6 7. e3 g6 8. Bd3 Bg7 9. e4 dxe4 10. Nxe4 Qd8 11. c5 0-0 12. Nd6 b6 13. Qc2 bxc5 14. dxc5 Qa5+ 15. Nd2 Na6 16. Nxc8 Raxc8 17. Bxa6 Qxa6 18. a3 Rfd8 19. 0-0-0 Rb8 20. Nc4 Rd5 21. b4 Rbd8 22. Na5 h5 23. Rxd5 Rxd5 24. Rd1 Qc8 25. Rxd5 exd5 26. Qe2 Bf6 27. b5 cxb5 28. Qxb5 a6 29. Qc6 Qf5 30. Qa8+ Kg7 1/2-1/2